| 000 | 01283naa a22003137a 4500 | ||
|---|---|---|---|
| 001 | BR7902527 | ||
| 003 | BR-BrBNA | ||
| 005 | 20240918174348.0 | ||
| 007 | ta | ||
| 008 | 230509b bl.||||| |||| 00| 0 por d | ||
| 040 |
_aBR-BrBNA _bpor _cBiblioteca Nacional de Agricultura |
||
| 041 | _a(Pt) | ||
| 072 |
_aL30; L50 _b5212 |
||
| 090 | _aL30 BR7902527 | ||
| 100 | 1 | _aVera, R.R. | |
| 111 | 1 |
_aSimposio sobre Exigencias Nutricionais e Avaliacao de Alimentos para Ruminantes no Brasil _cCoronel Pacheco, MG (Brazil) _d12 Sep 1978 |
|
| 245 | 1 | _aEfeito da raca bovina sobre as exigencias nutricionais [racao; nutriente mineral, digestibilidade] | |
| 260 | 3 |
_aCoronel Pacheco, MG (Brasil): _c1978. |
|
| 500 | _aSimposio sobre exigencias nutricionais e avaliacao de alimentos para ruminantes no Brasil Coronel Pacheco, MG (Brasil): 1978. p. 21-32 (BR7902527-AM)L30 | ||
| 650 | _aBOVINO | ||
| 650 | _aFISIOLOGIA NUTRICIONAL | ||
| 650 | _aRACAO | ||
| 650 | _aEXIGENCIA NUTRICIONAL | ||
| 650 | _aNUTRIENTE MINERAL | ||
| 650 | _aDIGESTIBILIDADE | ||
| 773 | 0 |
_tSimposio sobre exigencias nutricionais e avaliacao de alimentos para ruminantes no Brasil _wL30 BR7902527 _gCoronel Pacheco, MG (Brasil), 1978. p. 21-32 |
|
| 909 |
_a202404 _bLucia _c55 _dLucia Elande |
||
| 942 |
_cAM _2AGRIS |
||
| 999 |
_c310732 _d310732 |
||